00379nam a2200133Ia 450000500170000000800410001708200130005810000140007124500290008526000460011430000190016050000580017965000080023720250307010739.0240331s9999 xx 000 0 und d bSIRa954 aSirr, H.C 0aCeylon and the cingalese aLondonbWilliam Shoberl Publisherc1850  aXXIV, 274 p ., aThe ancient history of Lanka-diva and Kandian Kingdom a